[Event "SLO-chT 16th"]
[Site "Ljubljana"]
[Date "2006.07.05"]
[Round "4"]
[White "Suselj, Gregor"]
[Black "Gombac, Jan"]
[Result "0-1"]
[WhiteElo "1706"]
[BlackElo "2289"]
[PlyCount "70"]
[EventDate "2006.07.03"]
[EventType "team"]
[EventRounds "9"]
[EventCountry "SLO"]
[SourceTitle "EXT 2008"]
[Source "ChessBase"]
[SourceDate "2007.11.25"]
[SourceVersion "1"]
[SourceVersionDate "2007.11.25"]
[SourceQuality "1"]

1. d4 Nf6 2. c4 g6 3. Nc3 Bg7 4. e4 d6 5. Nf3 0-0 6. Be2 a5 7. 0-0 Na6 8. h3 e5 9. Be3 Qe8 10. Qc2 exd4 11. Nxd4 c6 12. Bf4 Nb4 13. Qb1 Qe7 14. Rd1 Re8 15. Bf3 Nd7 16. a3 Na6 17. b4 Ne5 18. Be2 Be6 19. b5 cxb5 20. cxb5 Nc5 21. b6 Rac8 22. Ncb5 Red8 23. f3 d5 24. Nxe6 Nxe6 25. Be3 Nc4 26. Bxc4 Rxc4 27. Ra2 dxe4 28. Rxd8+ Nxd8 29. Qb3 Rc8 30. Na7 Rc3 31. Qd5 Rxe3 32. Rd2 Bf6 33. fxe4 Rxe4 34. Nc8 Re1+ 35. Kh2 Qe3 0-1

[Event "SLO-ch U18"]
[Site "Murska Sobota"]
[Date "2006.03.01"]
[Round "4"]
[White "Suselj, Gregor"]
[Black "Zorko, Jure"]
[Result "0-1"]
[WhiteElo "1646"]
[BlackElo "2339"]
[PlyCount "154"]
[EventDate "2006.02.26"]
[EventType "swiss"]
[EventRounds "7"]
[EventCountry "SLO"]
[SourceTitle "EXT 2009"]
[Source "ChessBase"]
[SourceDate "2008.11.26"]
[SourceVersion "1"]
[SourceVersionDate "2008.11.26"]
[SourceQuality "1"]

1. d4 Nf6 2. c4 e6 3. Nf3 b6 4. g3 Ba6 5. Qa4 Bb7 6. Bg2 c5 7. 0-0 Bc6 8. Qc2 cxd4 9. Nxd4 Bxg2 10. Kxg2 Qc8 11. Bg5 Nc6 12. Bxf6 gxf6 13. Qe4 Be7 14. Nxc6 Qxc6 15. Qxc6 dxc6 16. Nd2 f5 17. Rad1 0-0-0 18. Nf3 Bf6 19. b3 h6 20. e3 Kb7 21. Nd2 Bc3 22. Nb1 Bb4 23. Kf3 a5 24. Ke2 Kc7 25. Rxd8 Rxd8 26. Rd1 Ra8 27. Rd3 Be7 28. Nc3 Bf6 29. Kd2 Rb8 30. Na4 Be7 31. Kc2 Bb4 32. Nc3 Ra8 33. Kb2 Be7 34. Kc2 Rg8 35. Ne2 Bf6 36. Kb1 a4 37. b4 Rg4 38. f4 Rg8 39. a3 h5 40. Rd1 h4 41. Rg1 hxg3 42. Rxg3 Rd8 43. Kc2 Bb2 44. Kxb2 Rd2+ 45. Kb1 Rxe2 46. h4 Rh2 47. Rg7 Kd6 48. Rxf7 b5 49. cxb5 cxb5 50. Rb7 Kc6 51. Rb8 Rh3 52. h5 Rxe3 53. h6 Rh3 54. Rh8 Kd5 55. h7 Ke4 56. Re8 Rxh7 57. Rxe6+ Kxf4 58. Rb6 Ke4 59. Rxb5 f4 60. Rb8 Rf7 61. Kc2 f3 62. Re8+ Kd4 63. Rd8+ Ke3 64. Re8+ Kf2 65. Kd3 Rc7 66. b5 Rc5 67. Rb8 Ke1 68. b6 Rf5 69. Rc8 Rb5 70. Rh8 Rb3+ 71. Kc4 f2 72. Re8+ Kd2 73. Rf8 Ke2 74. Re8+ Re3 75. Rf8 Rf3 76. Re8+ Kd2 77. Rd8+ Kc2 0-1